Statistics for Largest Airports by Country

Click here to take the quiz!

General Stats

  • This quiz has been taken 220 times
  • The average score is 31 of 40

Answer Stats

HintAnswer% Correct
United StatesNew York-Kennedy
96%
FranceParis-Charles de Gaulle
96%
FranceParis-Orly
95%
JapanTokyo-Haneda
94%
JapanTokyo-Narita
94%
United StatesAtlanta-Hartsfield Jackson
93%
United StatesLos Angeles
93%
GermanyBerlin-Tegel
92%
United StatesChicago-O'Hare
91%
MexicoMexico City
91%
SwedenStockholm-Arlanda
91%
IndiaDelhi-Indira Ghandi
90%
GermanyFrankfurt
90%
GermanyMunich
90%
SwedenStockholm-Bromma
90%
IndiaMumbai-Chhatrapati Shivaji
89%
SwedenStockholm-Skavsta
89%
JapanOsaka-Kansai
88%
GermanyHamburg
84%
MoroccoCasablanca-Mohammed V
82%
United StatesDallas-Fort Worth
81%
FranceLyon-St. Exupery
80%
FranceMarseille-Provence
80%
FranceNice-Cote d'Azur
80%
MoroccoRabat-Sale
77%
GermanyDusseldorf
76%
MexicoCancun
74%
IndiaChennai
67%
MexicoGuadalajara
66%
IndiaKolkata-Bose
65%
IndiaBengaluru-Kempegowda
62%
SwedenGothenburg-Landvetter
59%
SwedenMalmo
59%
MexicoMonterrey
58%
JapanSapporo-New Chitose
55%
MoroccoMarrakesh-Menara
50%
MoroccoFez
42%
JapanFukuoka
42%
MexicoTijuana
38%
MoroccoAgadir
25%

Score Distribution

Percentile by Number Answered

Percent of People with Each Score

Your Score History

You have not taken this quiz